| 000 | 00577nam a2200133Ia 4500 | ||
|---|---|---|---|
| 008 | 171212s9999 xx 000 0 und d | ||
| 020 | _a9780833044655 | ||
| 100 | _aJones, Seth G.;Libicki, Martin C. | ||
| 245 |
_cJones, Seth G.;Libicki, Martin C. _aHow Terrorist Groups End _bLessons for Countering al Qa'ida |
||
| 260 |
_bRAND Corporation _c2008 |
||
| 650 | _aPolitical Science | ||
| 650 | _aTerrorism; Terrorism -- Prevention -- International cooperation; Intelligence service; Problem-oriented policing; Qaida (Organization) | ||
| 856 | _uwww.jstor.org/stable/10.7249/mg741rc | ||
| 999 |
_c352160 _d352160 |
||